000 00846nam0a22002291 4500
001 rc\1054687
005 20250622093458.0
035 _a(NLR Aleph) 006215847
090 _a6417158
_c6417158
100 _a20041129d1980 |||y0rusy50 ca
101 0 _arus
102 _aRU
105 _aa |||||||||
200 1 _aВаули
_eИст. повесть [о Ваули Пиеттомине
_eДля старшеклассников
_fМ. Анисимкова
_g[Послесл. М. Бударина
_gИл. В.А. Игошева]
210 _aСвердловск
_cСред.-Урал. кн. изд-во
_d1980
215 _a190 с., 9 л. цв. ил.
_d21
700 1 _aАнисимкова
_bМ.К.
_gМаргарита Кузминична
801 0 _aRU
_bNLR
_gpsbo
801 1 _aRU
_bELAR
_2rusmarc
852 _aNLR
_j81-3/722
942 _cBOOK
980 _aNB